Introduction to Modern political theory / (Record no. 9084)
[ view plain ]
| 000 -LEADER | |
|---|---|
| fixed length control field | 00718cam a2200265 a 4500 |
| 001 - CONTROL NUMBER | |
| JCCL Control Number | 9084 |
| 003 - CONTROL NUMBER IDENTIFIER | |
| JCCL marc code | BD-JhCC |
| 005 - DATE AND TIME OF LATEST TRANSACTION | |
| control field | 20180315085932.0 |
| 008 - FIXED-LENGTH DATA ELEMENTS--GENERAL INFORMATION | |
| fixed length control field | 810423s1970 enk b 001 0 eng |
| 020 ## - INTERNATIONAL STANDARD BOOK NUMBER | |
| International Standard Book Number | 0171380363 |
| Terms of availability | 2.75 |
| 035 ## - SYSTEM CONTROL NUMBER | |
| system control number | (BD-JhCC)9084 |
| 040 ## - CATALOGING SOURCE | |
| Original cataloging agency | DUP:J |
| Transcribing agency | DUP:J |
| Modifying agency | DUP:J |
| -- | BD-JhCC |
| 041 ## - LANGUAGE CODE | |
| Language code of Book | eng |
| 050 00 - LIBRARY OF CONGRESS CALL NUMBER | |
| Classification number | JA83 |
| Item number | .M24 |
| 082 04 - DEWEY DECIMAL CLASSIFICATION NUMBER | |
| Classification number | 320/.01 |
| Author mark and Year | JPA 1970 |
| 100 ## - MAIN ENTRY--PERSONAL NAME | |
| Personal name | Joad, C E M |
| 245 10 - TITLE STATEMENT | |
| Title | Introduction to Modern political theory / |
| Statement of responsibility, etc | C E M Joad |
| 260 ## - PUBLICATION, DISTRIBUTION, ETC. (IMPRINT) | |
| Place of publication, distribution, etc | London, |
| Name of publisher, distributor, etc | Nelson, |
| Date of publication, distribution, etc | 1970. |
| 300 ## - PHYSICAL DESCRIPTION | |
| Pagination | 127 p. : |
| Dimensions | 19 cm. |
| 490 0# - SERIES STATEMENT | |
| Series statement | Nelson political science series |
| 504 ## - BIBLIOGRAPHY, ETC. NOTE | |
| Bibliography, etc | Includes bibliographies. |
| 650 #0 - SUBJECT ADDED ENTRY--TOPICAL TERM | |
| Topical term or geographic name as entry element | Political science |
| General subdivision | History. |
| 942 ## - ADDED ENTRY ELEMENTS (KOHA) | |
| Source of classification or shelving scheme | Dewey Decimal Classification |
| Koha item type | Books |
| Source of classification or shelving scheme | Damaged status | Not for loan | Home library | Current library | Shelving location | Total Checkouts | Full call number | Barcode | Date last seen | Copy number | Koha item type |
|---|---|---|---|---|---|---|---|---|---|---|---|
| Dewey Decimal Classification | JCC Rouf Library | JCC Rouf Library | General Stacks | 320/.01 MAC 1970 | 12136 | 03/08/2018 | C - 1 | Books |